[Event "FIDE World Cup 2013"]
[Site "Tromso NOR"]
[Date "2013.08.22"]
[Round "4.6"]
[White "Morozevich,A"]
[Black "Tomashevsky,E"]
[Result "0-1"]
[WhiteElo "2739"]
[BlackElo "2706"]

1.e4 c6 2.d4 d5 3.exd5 cxd5 4.Bd3 Nc6 5.c3 g6 6.Nf3 Bf5 7.Bxf5 gxf5 8.Bg5 Bg7
9.Qd3 Qd7 10.Nbd2 Nf6 11.Bxf6 Bxf6 12.O-O-O O-O-O 13.Nb3 e6 14.Nc5 Qc7 15.Qe2 Kb8
16.Kb1 Ne7 17.Nd3 Nc8 18.Nfe5 h5 19.g3 Nd6 20.f3 Ka8 21.Rhe1 Rb8 22.Nf4 Bg5
23.Nfd3 Rbc8 24.h4 Bf6 25.Nf4 Rcg8 26.Rg1 a6 27.Rde1 Re8 28.Ka1 Ka7 29.Rc1 Rc8
30.Rge1 Bg7 31.Rcd1 Qb6 32.Qc2 Qc7 33.Qe2 Rcg8 34.Rg1 Bf6 35.Rde1 Rg7 36.Qf2 Ka8
37.Qe2 Ka7 38.Qf2 Nc4 39.Nxc4 Qxc4 40.Qd2 Be7 41.Nd3 Bd6 42.Ne5 Qc7 43.f4 Rhg8
44.Qf2 Bxe5 45.Rxe5 b5 46.a3 a5 47.Re3 Rb8 48.Qf3 Rh7 49.Kb1 Rhh8 50.Rc1 Rb6
51.Rc2 Kb8 52.Qe2 Kc8 53.b3 Kd7 54.Kb2 Ke7 55.Rd3 Qa7 56.Qe5 f6 57.Qe2 Kf7
58.Re3 Qd7 59.Rc1 Kg6 60.Re1 Re8 61.Ka2 Kh6 62.Kb2 Qc6 63.Qd3 Qb7 64.Qe2 Qd7
65.Ka2 Rd6 66.Kb2 Qc6 67.Ka2 Qb6 68.Qd2 Rc8 69.Kb2 Rcc6 70.R1e2 Qa6 71.Qe1 Qc8
72.Qd2 Ra6 73.Qe1 Rdb6 74.Qd2 Rb7 75.Qe1 Re7 76.Qd2 Kg6 77.Qe1 Rc6 78.Rc2 b4
79.a4 Rec7 80.Qd2 Qa6 81.Rc1 Qb7 82.Rd3 Qc8 83.Re3 Qa6 84.Rf3 Qb6 85.Rd3 Qa7
86.Rf3 Qb8 87.Re3 Kf7 88.c4 dxc4 89.bxc4 Rxc4 90.Rxc4 Rxc4 91.d5 Re4 92.dxe6+ Kxe6
93.Rd3 Qc7 94.Qd1 Qc6 95.Qb3+ Ke7 96.Qd1 Qe6 97.Rd2 Re3 98.Qc2 Kf7 99.Rd3 Re2
100.Rd2 Rxd2 101.Qxd2 Qc6 102.Qd3 Ke6 103.Qe2+ Kd6 104.Qd3+ Qd5 105.Qa6+ Kd7
106.Qa7+ Ke6 107.Qb6+ Kf7 108.Qc7+ Kg6 109.Qc8 Qd2+ 110.Kb1 Qd3+ 111.Kb2 Qa3+
112.Kb1 Qb3+ 113.Kc1 Qd5 114.Kb2 Kf7 115.Qc7+ Ke8 116.Qc8+ Ke7 117.Qc7+ Ke6
118.Qb6+ Qd6 119.Qe3+ Kd7 120.Qa7+ Qc7 121.Qd4+ Ke6 122.Qe3+ Kf7 123.Qd3 Ke7
124.Qe3+ Kf8 125.Qd4 Kg7 126.Qe3 Qb7 127.Qe2 Qc6 128.Qe7+ Kg6 129.Qd8 Qc3+
130.Kb1 Qb3+ 131.Kc1 Qc4+ 132.Kb2 Qe6 133.Qxa5 Qe2+ 134.Kb3 Qe3+ 135.Kxb4 Qxg3
136.Qc7 Qxh4 137.a5 Qe1+ 138.Kb5 Qb1+ 139.Kc5 Qc2+ 140.Kd6 Qd3+ 141.Ke7 h4
142.Kf8 Kh5 143.Kg7 h3 144.Kxf6 Kg4 145.Qg7+ Kf3 146.Qb7+ Qe4 147.a6 h2 148.Qxe4+ fxe4
149.a7 h1=Q 150.a8=Q Qh6+ 151.Ke7 Qxf4 152.Qd5 Kg3 153.Qg8+ Qg4 154.Qb8+ Kf3
155.Qh2 e3 156.Qh1+ Kf2 157.Qh2+ Qg2 158.Qf4+ Qf3 159.Qh4+ Kf1 160.Qc4+ e2
161.Kd8 Qf5 162.Kc7 Kf2 163.Qh4+ Ke3 164.Qe1 Qc2+ 165.Kb8 Qb3+ 166.Ka7 Kd3
167.Qg3+ Kc2 168.Qe1 Qe3+ 169.Ka6 Qd2  0-1

[Event "FIDE World Cup 2013"]
[Site "Tromso NOR"]
[Date "2013.08.22"]
[Round "4.7"]
[White "Morozevich,A"]
[Black "Tomashevsky,E"]
[Result "0-1"]
[WhiteElo "2739"]
[BlackElo "2706"]

1.e4 c6 2.d4 d5 3.e5 Bf5 4.Nd2 e6 5.g4 Bg6 6.Ne2 c5 7.h4 h6 8.Nf4 Bh7 9.dxc5 Bxc5
10.Bd3 Bxd3 11.Nxd3 Bb6 12.Nf3 Nc6 13.h5 Nge7 14.c3 Qc7 15.Qe2 O-O-O 16.Bf4 Kb8
17.Kf1 Ka8 18.b4 g5 19.Bg3 Nb8 20.a4 a6 21.Kg2 Rc8 22.Rhc1 Nd7 23.Nb2 Nc6
24.a5 Ba7 25.Na4 Ne7 26.b5 Qc4 27.Qb2 Qxb5 28.Qxb5 axb5 29.Nb6+ Bxb6 30.axb6+ Kb8
31.Nd4 Nxb6 32.Nxb5 Rc5 33.Nd6 Rf8 34.f4 gxf4 35.Bf2 Rc6 36.Rf1 Nec8 37.Nb5 Nc4
38.Bd4 Ne3+ 39.Bxe3 fxe3 40.Rf3 Rg8 41.Kh3 Rc4 42.Nd4 Rxc3 43.Rxf7 e2+ 44.Kh4 Re3
45.Re1 Re4 46.Nxe6 Rexg4+ 47.Kh3 Rg3+ 48.Kh2 Rg2+ 49.Kh3 R8g3+ 50.Kh4 Re3
51.Nf4 Rf2 52.e6 Nd6 53.Rf8+ Nc8 54.Kg4 Rf1 55.Ng2 Re4+ 56.Rf4 Rexf4+  0-1

[Event "FIDE World Cup 2013"]
[Site "Tromso NOR"]
[Date "2013.08.22"]
[Round "4.3"]
[White "Tomashevsky,E"]
[Black "Morozevich,A"]
[Result "1/2-1/2"]
[WhiteElo "2706"]
[BlackElo "2739"]

1.d4 Nf6 2.c4 g6 3.Nc3 d5 4.cxd5 Nxd5 5.Bd2 Nb6 6.e3 Bg7 7.f4 O-O 8.Nf3 N8d7
9.Ne4 Nf6 10.Bd3 Nxe4 11.Bxe4 Nc4 12.Rc1 Be6 13.Ng5 Bd5 14.Qb3 b5 15.Qxb5 c6
16.Qc5 Nxb2 17.Qc3 Nc4 18.Bd3 Nd6 19.O-O f5 20.Qa3 a5 21.Rc5 Nb7 22.Rxd5 cxd5
23.Ne6 Qd6 24.Qxd6 Nxd6 25.Nxf8 Bxf8 26.Rb1 e6 27.a4 Rc8 28.Bxa5 Ra8 29.Bc7 Rxa4
30.Bxd6 Bxd6 31.Rb6 Be7 32.Bb5 Rb4 33.Rxe6 Rb1+ 34.Bf1 Bb4 35.Rb6 Kf7 36.g3 h5
37.Rb7+ Ke6 38.Rb6+ Kf7 39.Kg2 Rb2+ 40.Kf3 Ba3 41.Ra6 Bb4 42.Be2 Bd2 43.Ra7+ Kf6
44.Ra6+ Kf7 45.Ra3 Kf6 46.h3 Bb4 47.Ra6+ Kf7 48.Ra1 Bd2 49.Rd1 Bb4 50.Bb5 Rc2
51.Rb1 Ba3 52.Ba4 Rb2 53.Ra1 Bb4 54.Bc6 Ke6 55.Be8 Kf6 56.g4 fxg4+ 57.hxg4 hxg4+
58.Kxg4 Rb3 59.Bc6 Rxe3 60.Bxd5 Bc3 61.Ra6+ Ke7 62.Ra4 Rd3 63.Be4 Rxd4 64.Ra7+ Rd7
65.Ra3 Bd2  1/2-1/2

[Event "FIDE World Cup 2013"]
[Site "Tromso NOR"]
[Date "2013.08.22"]
[Round "4.8"]
[White "Tomashevsky,E"]
[Black "Morozevich,A"]
[Result "1/2-1/2"]
[WhiteElo "2706"]
[BlackElo "2739"]

1.c4 b6 2.Nc3 Bb7 3.d4 e6 4.a3 f5 5.Nf3 Nf6 6.g3 Ne4 7.Bd2 Be7 8.Bg2 O-O
9.O-O Bf6 10.Rc1 c5 11.d5 exd5 12.cxd5 d6 13.h4 h6 14.Bf4 g5 15.hxg5 hxg5
16.Be3 Qe7 17.Nxe4 fxe4 18.Nd2 Bxd5 19.Nc4 Qe6 20.Bh3 Qxh3 21.Qxd5+ Kg7 22.Nxd6 Nd7
23.Qxe4 Rh8 24.Qg2 Bxb2 25.Rcd1 Qxg2+ 26.Kxg2 Ne5 27.Bxg5 Bxa3 28.Bd2 Bb4
29.Bc1 Kg6 30.Bb2 Rh5 31.Rh1 Rxh1 32.Rxh1 Nf7 33.Ne4 a5 34.f4 c4 35.g4 Nd6
36.f5+ Nxf5 37.gxf5+ Kxf5 38.Kf3 Rc8 39.Rh6 c3 40.Bxc3 Bxc3 41.Nd6+ Kg5 42.Nf7+ Kf5
43.Nd6+ Kg5 44.Nf7+  1/2-1/2

[Event "FIDE World Cup 2013"]
[Site "Tromso NOR"]
[Date "2013.08.22"]
[Round "4.4"]
[White "Morozevich,A"]
[Black "Tomashevsky,E"]
[Result "1/2-1/2"]
[WhiteElo "2739"]
[BlackElo "2706"]

1.e4 e5 2.Nf3 Nc6 3.Bb5 a6 4.Ba4 Nf6 5.d3 d6 6.c3 g6 7.Bg5 Bg7 8.Nbd2 O-O
9.O-O Qe7 10.Re1 Nd8 11.Nf1 Ne6 12.Bh4 Nf4 13.Ne3 h6 14.Bc2 Re8 15.d4 Qf8
16.Qd2 Ng4 17.h3 Nxe3 18.fxe3 Nh5 19.Rf1 Be6 20.b3 Nf6 21.Rf2 g5 22.Bg3 g4
23.Nh4 Nh5 24.Kh2 Bf6 25.Nf5 Nxg3 26.Kxg3 gxh3 27.gxh3 Bxf5 28.Rxf5 Bg7 29.Kh2 Qe7
30.b4 Kh8 31.Raf1 Qh4 32.Qe2 Re6 33.Qf3 Rf8 34.Rg1 Rf6 35.Rg4 Rxf5 36.exf5 Qf6
37.Qxb7 exd4 38.cxd4 Re8 39.Rg3 c5 40.Qc6 Rd8 41.bxc5 dxc5 42.Qxc5 Bf8 43.Qe5 Qxe5
44.dxe5 Rd5 45.Bb3 Rxe5 46.Bxf7 Bd6 47.Rg8+ Kh7 48.Rd8 Be7 49.Rd7 Kg7 50.Bc4 a5
51.Kg3 Rxe3+ 52.Kf4 Re1 53.Ra7 h5 54.Rxa5 Bd6+ 55.Kg5 Be7+ 56.Kxh5 Re4 57.f6+ Bxf6
58.Ra7+ Be7 59.Rxe7+  1/2-1/2

[Event "FIDE World Cup 2013"]
[Site "Tromso NOR"]
[Date "2013.08.22"]
[Round "4.5"]
[White "Tomashevsky,E"]
[Black "Morozevich,A"]
[Result "0-1"]
[WhiteElo "2706"]
[BlackElo "2739"]

1.d4 Nf6 2.c4 g6 3.Nc3 d5 4.cxd5 Nxd5 5.Bd2 Nb6 6.e3 Bg7 7.f4 N8d7 8.Nf3 c5
9.d5 f5 10.Qb3 O-O 11.Rd1 Kh8 12.a4 c4 13.Bxc4 Nc5 14.Qb4 Nxc4 15.Qxc4 b6
16.O-O Ba6 17.Nb5 Ne4 18.Bb4 Rc8 19.Qb3 Qd7 20.Nfd4 Rfe8 21.Nc6 e6 22.Ncxa7 Bxb5
23.Nxb5 h5 24.d6 e5 25.Rc1 exf4 26.Rxc8 Rxc8 27.Rxf4 Kh7 28.Rf1 Be5 29.Qd5 Bxb2
30.Nd4 Nf6 31.Qb3 Bxd4 32.exd4 Ne4 33.Qd5 Rd8 34.Rc1 Qxa4 35.Qf7+ Kh6 36.Qe7 Qxb4  0-1

[Event "67th Moscow Blitz 2013"]
[Site "Moscow RUS"]
[Date "2013.09.01"]
[Round "1"]
[White "Morozevich,A"]
[Black "Demidov,M"]
[Result "1-0"]
[WhiteElo "2739"]
[BlackElo "2503"]

1.g3 Nf6 2.Bg2 d5 3.Nf3 c6 4.d3 Bg4 5.h3 Bxf3 6.Bxf3 Nbd7 7.Bg2 e6 8.e4 dxe4
9.dxe4 e5 10.O-O Be7 11.Nd2 O-O 12.Qe2 Re8 13.a4 Nc5 14.Nc4 Qc7 15.f4 Nfd7
16.f5 f6 17.b4 Na6 18.c3 Bf8 19.Rd1 Rad8 20.Be3 c5 21.b5 Nab8 22.a5 Be7 23.Bf1 Nf8
24.Bf2 Rxd1 25.Qxd1 g6 26.Ne3 Kg7 27.Nd5 Qc8 28.g4 a6 29.Rb1 Bd8 30.Qa4 Nfd7
31.bxa6 Nxa6 32.Qb5 Nab8 33.Qxb7 Bxa5  1-0

[Event "67th Moscow Blitz 2013"]
[Site "Moscow RUS"]
[Date "2013.09.01"]
[Round "2"]
[White "Riazantsev,A"]
[Black "Morozevich,A"]
[Result "1-0"]
[WhiteElo "2700"]
[BlackElo "2739"]

1.d4 Nf6 2.c4 e6 3.Nf3 d5 4.Nc3 Nbd7 5.cxd5 exd5 6.Bg5 c6 7.Qc2 Be7 8.e3 O-O
9.Bd3 Re8 10.O-O Nf8 11.Rab1 Ne4 12.Bxe7 Qxe7 13.b4 a6 14.a4 Bf5 15.Rfc1 Nd7
16.b5 axb5 17.axb5 Ra3 18.Bxe4 dxe4 19.Nd2 c5 20.Nd5 Qg5 21.dxc5 Ne5 22.Nf4 Nf3+
23.Nxf3 exf3 24.Qb2 Ra4 25.g3 Bxb1 26.Qxb1 h5 27.c6 bxc6 28.bxc6 Qe5 29.h4 Ra7
30.Qd3 g6 31.Qd4 Ra5 32.c7 Qf5 33.e4 Qg4 34.Kh2 g5 35.Nd5 Rxd5 36.Qxd5 gxh4
37.Rg1 h3 38.Qf5 Rc8 39.Rc1 Kg7 40.Rc3 Qxf5 41.exf5 Kf6 42.Kxh3 Kxf5 43.Kh4 Ke4
44.Kxh5 Kd4 45.Rc6 Kd3 46.Kg4 Ke2 47.Rc2+ Kd3 48.Rc6 Ke2 49.Kf4 Kxf2 50.Rc2+ Ke1
51.Kxf3 Kd1 52.Rc5 Kd2 53.Ke4 Ke2 54.g4  1-0

[Event "67th Moscow Blitz 2013"]
[Site "Moscow RUS"]
[Date "2013.09.01"]
[Round "3"]
[White "Morozevich,A"]
[Black "Malakhov,V"]
[Result "1-0"]
[WhiteElo "2739"]
[BlackElo "2707"]

1.d4 d5 2.c4 c6 3.Nf3 Nf6 4.Nc3 a6 5.e3 e6 6.Bd2 c5 7.cxd5 exd5 8.Rc1 Nc6
9.Bd3 Be7 10.dxc5 Bxc5 11.O-O O-O 12.Ne2 Bd6 13.h3 Ne4 14.Bc3 Nxc3 15.Nxc3 Be6
16.Bc2 Na5 17.Qd3 g6 18.Rfd1 Nc4 19.Rb1 Nb6 20.Nd4 Be5 21.Bb3 Rc8 22.e4 Bxd4
23.Qxd4 dxe4 24.Qe3 Qc7 25.Nxe4 Bxb3 26.axb3 f5 27.Nd6 Rcd8 28.Rbc1 Qxd6
29.Rxd6 Rxd6 30.Rc7 Nd5 31.Qe5 Nxc7 32.Qxd6 Rf7 33.h4 Ne8 34.Qd8 Kf8 35.h5 gxh5
36.Kh2 Re7 37.Kh3 Kf7 38.Qd5+ Kg6 39.Qg8+ Ng7 40.f3 Rf7 41.b4 Re7 42.Qd8 b5
43.Qxe7  1-0

[Event "67th Moscow Blitz 2013"]
[Site "Moscow RUS"]
[Date "2013.09.01"]
[Round "4"]
[White "Glek,I"]
[Black "Morozevich,A"]
[Result "1-0"]
[WhiteElo "2460"]
[BlackElo "2739"]

1.e4 c5 2.Nf3 e6 3.d3 Nc6 4.g3 d6 5.Bg2 Nf6 6.O-O Be7 7.Re1 O-O 8.c3 Bd7
9.Nbd2 Rc8 10.a3 Qc7 11.d4 a6 12.h3 Na7 13.e5 dxe5  1-0

[Event "67th Moscow Blitz 2013"]
[Site "Moscow RUS"]
[Date "2013.09.01"]
[Round "6"]
[White "Belous,V"]
[Black "Morozevich,A"]
[Result "1/2-1/2"]
[WhiteElo "2554"]
[BlackElo "2739"]

1.d4 Nf6 2.c4 e6 3.Nc3 Bb4 4.f3 O-O 5.a3 Bxc3+ 6.bxc3 Ne8 7.Nh3 f5 8.Bg5 Nf6
9.e3 d6 10.Bd3 e5 11.O-O Nc6 12.Qc2 h6 13.Bh4 g5 14.Bf2 e4 15.fxe4 fxe4 16.Bxe4 Nxe4
17.Qxe4 Bf5 18.Qd5+ Kg7 19.Bg3 Qd7 20.Nf2 Rae8 21.e4 Be6 22.Qb5 a6 23.Qa4 Nb8
24.Qb3 b6 25.e5 d5 26.cxd5 Qxd5 27.Qxd5 Bxd5 28.Ng4 Nd7 29.Ne3 Be4 30.Rxf8 Nxf8
31.Rf1 b5 32.d5 c6 33.d6 Nd7 34.Nf5+ Bxf5 35.Rxf5 Kg6 36.Rf1 c5 37.h3 c4
38.a4 bxa4 39.Ra1 Nc5 40.Bf2 Rxe5 41.Bxc5 Rxc5 42.Rxa4 a5 43.d7 Rd5 44.Rxa5 Rxd7
45.Rc5 Rd1+ 46.Kh2 h5 47.Rxc4 h4 48.Rc6+ Kf5 49.c4 Rd2 50.Kg1 Rd1+ 51.Kf2 Rd2+
52.Kf3 Rd3+ 53.Ke2 Rc3 54.Kf2 Rd3 55.Ke2 Rg3 56.Kf2 Rc3 57.Rc8 Kf4 58.Rf8+ Ke4
59.Rc8 Rc2+ 60.Kg1 Kf4 61.Rf8+ Ke4 62.Rg8 Kf4 63.Rf8+ Ke4  1/2-1/2

[Event "67th Moscow Blitz 2013"]
[Site "Moscow RUS"]
[Date "2013.09.01"]
[Round "8"]
[White "Grischuk,A"]
[Black "Morozevich,A"]
[Result "1/2-1/2"]
[WhiteElo "2785"]
[BlackElo "2739"]

1.e4 e5 2.Nf3 Nc6 3.Nc3 Nf6 4.Be2 Bb4 5.Nd5 Ba5 6.O-O O-O 7.c3 d6 8.a4 a6
9.b4 Bb6 10.Nxb6 cxb6 11.d3 h6 12.Re1 Re8 13.Bf1 Bg4 14.h3 Bh5 15.Bb2 d5
16.g4 dxe4 17.dxe4 Bg6 18.Nd2 Nd7 19.Nc4 Re6 20.Qd3 Qc7 21.Rad1 Rd8 22.Qf3 Nf6
23.Rxd8+ Qxd8 24.Qd3 Qc7 25.f3 a5 26.b5 Nb8 27.Ne3 Nbd7 28.Rd1 Kh7 29.Ba3 Nc5
30.Qc4 Rd6 31.Rxd6 Qxd6 32.Bxc5 bxc5 33.Qd3 Qe6 34.Nc4 b6 35.Qd6 Nd7 36.Qxe6 fxe6
37.Nd6 Kg8 38.Bc4 Bf7 39.h4 g5 40.Kg2 Kf8 41.Bb3 Ke7 42.Nc4 Kf6 43.Kg3 Ke7
44.Bd1 Kf6 45.Be2 Ke7 46.Bd3 Kf6 47.Bf1 Ke7 48.Be2 Kf6 49.Bd3  1/2-1/2

[Event "67th Moscow Blitz 2013"]
[Site "Moscow RUS"]
[Date "2013.09.01"]
[Round "9"]
[White "Morozevich,A"]
[Black "Kovalenko,I"]
[Result "1-0"]
[WhiteElo "2739"]
[BlackElo "2644"]

1.d4 f5 2.g3 Nf6 3.Bg2 c6 4.Nh3 e6 5.O-O Be7 6.c4 d6 7.Nc3 O-O 8.d5 e5 9.dxc6 bxc6
10.b4 Be6 11.b5 e4 12.Qa4 cxb5 13.cxb5 Nbd7 14.Ng5 Nb6 15.Nxe6 Nxa4 16.Nxd8 Nxc3
17.Nc6 Nxe2+ 18.Kh1 Bd8 19.Bb2 f4 20.Rad1 Bb6 21.Ne7+ Kh8 22.Nf5 d5 23.f3 fxg3
24.fxe4 Bf2 25.exd5 Nh5 26.Bf3 Rxf5 27.Bxe2 Nf4 28.Bf3 Rd8 29.d6 Rxb5 30.Bc1 Ng6
31.hxg3 Bxg3 32.d7 Ne5 33.Be2 Rbb8 34.Kg2 Bh4 35.Bf4 Bf6 36.Rd5 Rb2 37.Rf2 Nxd7
38.Bc7 Re8 39.Bb5 Rxf2+ 40.Kxf2 Bh4+ 41.Kg2 Nf6 42.Rd4 Rc8 43.Be5 Bg5 44.Ra4 Ng4
45.Rxg4 Rc2+ 46.Kf3 Bf6 47.Bxf6 gxf6 48.a4 h5 49.Rg6 h4 50.Rh6+ Kg7 51.Rxh4 f5
52.Rc4 Ra2 53.Rc7+ Kf6 54.Rxa7 Ke5 55.Re7+ Kf6 56.Re2 Ra3+ 57.Kf4 Ra1 58.Rc2 Ke6
59.Rc6+ Kd5 60.Rc8 Ke6 61.Re8+ Kf6 62.Rf8+ Ke6 63.Rxf5 Kd6 64.Ke4 Kc7 65.Kd4 Kb6
66.Rf6+ Ka5 67.Kc3 Ra3+ 68.Kc4 Rc3+ 69.Kd4 Rc1 70.Rc6 Rh1 71.Kc3 Rh3+ 72.Bd3 Rh6
73.Rc5+ Kb6 74.Kb4 Rh4+ 75.Bc4 Rh1 76.a5+ Ka7 77.Rc7+ Kb8 78.Rf7 Rh5 79.a6 Ka8
80.Bb5 Rh6 81.Kc5 Rh5+ 82.Kb6  1-0

[Event "67th Moscow Blitz 2013"]
[Site "Moscow RUS"]
[Date "2013.09.01"]
[Round "10"]
[White "Savchenko,B"]
[Black "Morozevich,A"]
[Result "1-0"]
[WhiteElo "2602"]
[BlackElo "2739"]

1.e4 e5 2.Nf3 Nc6 3.d4 exd4 4.Nxd4 Bc5 5.Nb3 Bb4+ 6.Bd2 a5 7.a3 Be7 8.Be3 Nf6
9.Nc3 O-O 10.Bb5 d6 11.f3 Ne5 12.a4 c6 13.Be2 Re8 14.O-O Bf8 15.h3 d5 16.f4 Ng6
17.e5 Bb4 18.Qe1 Ne4 19.Bd3 f5 20.Rd1 Be6 21.Nd4 Nf8 22.Bxe4 fxe4 23.f5 Bc8
24.e6 Be7 25.g4 h6 26.Qg3 Nh7 27.Nxe4 Bh4 28.Qe5 dxe4 29.Nb5 Qe7 30.Nc7 Bf6
31.Qg3 Ng5 32.Nxa8 Bxe6 33.fxe6 Rxa8 34.Bxg5 hxg5 35.Qd6 Re8  1-0

[Event "67th Moscow Blitz 2013"]
[Site "Moscow RUS"]
[Date "2013.09.01"]
[Round "11"]
[White "Morozevich,A"]
[Black "Dreev,A"]
[Result "1-0"]
[WhiteElo "2739"]
[BlackElo "2668"]

1.e4 c6 2.d4 d5 3.e5 Bf5 4.h4 h6 5.g4 Bd7 6.Be3 Qb6 7.Nd2 e6 8.c4 dxc4 9.Nxc4 Qc7
10.Nf3 b5 11.Ncd2 Ne7 12.Rc1 Qa5 13.Bd3 Nd5 14.O-O Na6 15.a3 Be7 16.Ne4 Qd8
17.h5 O-O 18.Bd2 c5 19.dxc5 Bc6 20.Nd4 Qc7 21.Nxc6 Qxc6 22.Qe2 Nac7 23.Nd6 f5
24.gxf5 exf5 25.Nxf5 Ne6 26.Qe4 Rxf5 27.Qxf5 Nd4 28.Qh7+ Kf7 29.Qe4  1-0

[Event "67th Moscow Blitz 2013"]
[Site "Moscow RUS"]
[Date "2013.09.01"]
[Round "12"]
[White "Ulko,J"]
[Black "Morozevich,A"]
[Result "0-1"]
[WhiteElo "2443"]
[BlackElo "2739"]

1.d4 Nf6 2.c4 c5 3.d5 g6 4.Nc3 Bg7 5.e4 d6 6.h3 O-O 7.Nf3 e6 8.Bd3 exd5 9.exd5 Re8+
10.Be3 Rxe3+ 11.fxe3 Qe7 12.e4 Nbd7 13.O-O Nh5 14.Qd2 Ne5 15.Nxe5 Bxe5 16.Ne2 Bd7
17.Rf3 Rf8 18.Raf1 b6 19.b3 Nf6 20.Kh1 Kg7 21.Qe3 h5 22.Qf2 Nh7 23.Qe3 h4
24.R3f2 Nf6 25.Rf3 Nh5 26.Qf2 g5 27.Re3 f6 28.Qf3 Rh8 29.Kg1 Qe8 30.Qf2 Qg6
31.Rf3 g4 32.hxg4 Bxg4 33.Rf5 Bxe2 34.Qxe2 Ng3 35.Qf3 h3  0-1

[Event "67th Moscow Blitz 2013"]
[Site "Moscow RUS"]
[Date "2013.09.01"]
[Round "13"]
[White "Morozevich,A"]
[Black "Popov,Iv RUS"]
[Result "1/2-1/2"]
[WhiteElo "2739"]
[BlackElo "2656"]

1.d4 Nf6 2.c4 g6 3.Nc3 d5 4.Nf3 Bg7 5.h4 dxc4 6.e4 O-O 7.h5 Nxh5 8.Bxc4 Bg4
9.Be3 e5 10.dxe5 Nc6 11.Qd5 Bxf3 12.gxf3 Nxe5 13.Be2 Qf6 14.O-O-O Nf4 15.Qb3 Nxe2+
16.Nxe2 Qxf3 17.Nc3 c6 18.Kb1 Rfd8 19.Bg5 Rxd1+ 20.Rxd1 b5 21.Qc2 Nc4 22.Bc1 Re8
23.Rd7 h5 24.Rd3 Qg2 25.b3 Ne5 26.Rg3 Qf1 27.f4 Ng4 28.e5 Qf2 29.Ne2 Rd8
30.Qe4 Rd5 31.Rc3 Qb6 32.Qc2 c5 33.Qe4 Rd8 34.Rc2 f5 35.Qf3 c4 36.Nc3 cxb3
37.axb3 Qe6 38.Nxb5 Nxe5 39.fxe5 Qxe5 40.Nc3 Rc8 41.Bb2 Kh7 42.Re2 Qc5 43.Nd5 Bxb2
44.Rxb2 Qc1+ 45.Ka2 Rc2 46.Rxc2 Qxc2+ 47.Ka3 Qc5+ 48.b4 Qd4 49.Nf4 Kh6 50.Ne6 Qa1+
51.Kb3 Qb1+ 52.Ka3 Qa1+ 53.Kb3 Qb1+  1/2-1/2

[Event "67th Moscow Blitz 2013"]
[Site "Moscow RUS"]
[Date "2013.09.01"]
[Round "14"]
[White "Mozharov,M"]
[Black "Morozevich,A"]
[Result "0-1"]
[WhiteElo "2508"]
[BlackElo "2739"]

1.e4 c5 2.Nf3 e6 3.g3 Nc6 4.Bg2 Nf6 5.d3 d6 6.O-O Be7 7.Nc3 O-O 8.h3 Rb8
9.a4 b6 10.d4 cxd4 11.Nxd4 Nxd4 12.Qxd4 a6 13.Be3 Qc7 14.Qd3 Nd7 15.Rad1 Bb7
16.Bf4 Ne5 17.Qe2 Rbc8 18.Kh2 Bf6 19.Rb1 Rfd8 20.Rfc1 Nc4 21.Nd1 Qd7 22.c3 d5
23.e5 Be7 24.b3 Na5 25.Ne3 d4 26.Bxb7 Qxb7 27.cxd4 Rxc1 28.Rxc1 Nxb3 29.Rd1 Nxd4
30.Qa2 Nf3+ 31.Kh1 Rxd1+ 32.Nxd1 Ne1+  0-1

[Event "67th Moscow Blitz 2013"]
[Site "Moscow RUS"]
[Date "2013.09.01"]
[Round "15"]
[White "Morozevich,A"]
[Black "Dubov,Danii"]
[Result "1-0"]
[WhiteElo "2739"]
[BlackElo "2624"]

1.d4 Nf6 2.Bg5 c5 3.d5 Ne4 4.Bc1 g6 5.f3 Nf6 6.e4 d6 7.c4 Bg7 8.Ne2 b5 9.cxb5 a6
10.Nec3 O-O 11.a4 axb5 12.Bxb5 Ba6 13.Na3 Ne8 14.O-O Nc7 15.Bg5 Nd7 16.Qd2 Bxb5
17.Naxb5 Re8 18.Nxd6 Rf8 19.Nc4 Nf6 20.Rad1 Nfe8 21.e5 f6 22.exf6 Nxf6 23.Rfe1 Ra6
24.Ne5 Qc8 25.Nc6 Kh8 26.Nxe7 Qd7 27.Bh6 Rd6 28.Bxg7+ Kxg7 29.Nc6 Ncxd5 30.Ne7 Nxc3
31.Qxd6 Nxd1 32.Qxd7 Nxd7 33.Rxd1 Nb6 34.b3 Ra8 35.Rd6 Rb8 36.Nc6 Rb7 37.Ne5 Rb8
38.a5 Na8 39.Rd7+ Kf6 40.Nd3 Rxb3 41.Nxc5 Rb5 42.Ne4+ Ke6 43.Ra7 Rb8 44.Rxh7 Rc8
45.a6 Rc6 46.a7 Ra6 47.Nc5+  1-0

[Event "ACP Cup 2013"]
[Site "Riga LAT"]
[Date "2013.09.13"]
[Round "1.1"]
[White "Ponomariov,R"]
[Black "Morozevich,A"]
[Result "1-0"]
[WhiteElo "2756"]
[BlackElo "2739"]

1.d4 d5 2.c4 c6 3.Nf3 Nf6 4.e3 Bg4 5.h3 Bf5 6.Nc3 e6 7.g4 Bg6 8.Ne5 Nbd7
9.Nxg6 hxg6 10.a3 Bd6 11.Bd2 a6 12.Bd3 b5 13.c5 Bc7 14.f4 Ng8 15.Qf3 g5 16.O-O-O gxf4
17.exf4 Qh4 18.Ne2 a5 19.Be1 Qd8 20.h4 a4 21.h5 Ne7 22.Nc3 Qb8 23.Bd2 b4
24.axb4 a3 25.b5 axb2+ 26.Kc2 cxb5 27.Nxb5 Nc6 28.Bc3 Ra5 29.Bxa5 Bxa5 30.Kb1 Nf6
31.Rh2 Kf8 32.Rxb2 Qd8 33.Rh1 Ne8 34.g5 Nc7 35.Qe3 Nxb5 36.Bxb5 Ne7 37.h6 g6
38.Qe5 Rh7 39.Qd6 Bc7 40.Qxd8+ Bxd8 41.Bd3 Bc7 42.Rf1 Ke8 43.Kc2 Kd8 44.Ra1 Bxf4
45.Ra8+ Kc7 46.Ba6 Bxg5 47.Ra7+  1-0

[Event "ACP Cup 2013"]
[Site "Riga LAT"]
[Date "2013.09.13"]
[Round "1.2"]
[White "Morozevich,A"]
[Black "Ponomariov,R"]
[Result "1/2-1/2"]
[WhiteElo "2739"]
[BlackElo "2756"]

1.c4 g6 2.d4 Nf6 3.Nc3 d5 4.Nf3 Bg7 5.h4 dxc4 6.e4 c5 7.d5 b5 8.h5 O-O 9.hxg6 fxg6
10.e5 Ng4 11.d6 e6 12.Rxh7 Nc6 13.Rxg7+ Kxg7 14.Bg5 Qd7 15.Ne4 Ncxe5 16.Nxe5 Nxe5
17.Nxc5 Qc6 18.Qd4 Rf5 19.Be3 Kg8 20.O-O-O Bd7 21.Kb1 Rc8 22.Qh4 Nf7 23.Ne4 Kg7
24.f3 Rh8 25.Qf2 Rd5 26.Re1 e5 27.g4 Nxd6 28.Nc3 Rd3 29.Bxd3 cxd3 30.Bd4 exd4
31.Qxd4+ Kg8 32.Qxd3 Nc4 33.Nd5 Qd6 34.Qd4 Be6 35.Qf6 Qxd5 36.Qxg6+ Kf8 37.Qf6+ Kg8
38.Qg6+ Kf8 39.Qf6+ Kg8  1/2-1/2

[Event "29th ECC Open 2013"]
[Site "Rhodes GRE"]
[Date "2013.10.20"]
[Round "1.2"]
[White "Morozevich,A"]
[Black "Gretarsson,Hj"]
[Result "1-0"]
[WhiteElo "2734"]
[BlackElo "2505"]

1.Nf3 c5 2.c4 Nc6 3.d4 cxd4 4.Nxd4 g6 5.e4 Bg7 6.Nc2 Nf6 7.Nc3 d6 8.Be2 O-O
9.O-O Bd7 10.Be3 Rc8 11.f3 Na5 12.Na3 Be6 13.Nd5 b6 14.Qd2 Qd7 15.Rac1 Qb7
16.b3 Nc6 17.Nb5 Rfd8 18.Kh1 Bd7 19.Bg5 Nxd5 20.exd5 Ne5 21.Bxe7 Bxb5 22.Bxd8 Bxc4
23.Bh4 Bxe2 24.Qxe2 Rxc1 25.Rxc1 Qxd5 26.Rc8+ Bf8 27.Be7 Nd7 28.h3  1-0

[Event "29th ECC Open 2013"]
[Site "Rhodes GRE"]
[Date "2013.10.21"]
[Round "2.2"]
[White "Pedersen,NicV"]
[Black "Morozevich,A"]
[Result "0-1"]
[WhiteElo "2397"]
[BlackElo "2734"]

1.d4 Nf6 2.c4 g6 3.Nc3 d5 4.cxd5 Nxd5 5.e4 Nxc3 6.bxc3 Bg7 7.Bc4 c5 8.Ne2 Nc6
9.Be3 O-O 10.O-O Qc7 11.Rc1 b6 12.Qd2 Bb7 13.Bh6 Rad8 14.Bxg7 Kxg7 15.f4 Qd6
16.Rfd1 Na5 17.Bd3 f5 18.Qe3 fxe4 19.Bxe4 Nc4 20.Qf3 Ba6 21.Qd3 b5 22.Qb1 b4
23.cxb4 cxb4 24.Qb3 Rc8 25.d5 Qb6+  0-1

[Event "29th ECC Open 2013"]
[Site "Rhodes GRE"]
[Date "2013.10.23"]
[Round "4.1"]
[White "Morozevich,A"]
[Black "Laznicka,V"]
[Result "0-1"]
[WhiteElo "2734"]
[BlackElo "2666"]

1.g3 e5 2.c4 Nf6 3.Bg2 Nc6 4.Nc3 Bc5 5.e3 d5 6.cxd5 Nb4 7.Nf3 Nd3+ 8.Ke2 Nxd5
9.Qa4+ Bd7 10.Qe4 N5b4 11.a3 Bc6 12.Qc4 b5 13.Qg4 Nc2 14.Qxg7 Rf8 15.Ra2 b4
16.axb4 Ncxb4 17.Ra5 Qd6 18.Qg4 Bb6 19.Ra3 Rd8 20.Ne4 Qe7 21.Qf5 f6 22.Nh4 Bb5
23.Kf3 Nc2 24.Rxd3 Rxd3 25.Qh5+ Kd8 26.Nf5 Qb4 27.Kg4 Rd7 28.Kh3 Bd3 29.Qf3 c6
30.g4 h5 31.gxh5 Rh7 32.Neg3 Rfh8 33.e4 Qc4 34.Kh4 Kc7 35.b3 Qxb3 36.Bb2 Qxb2
37.Qxd3 Rd7 38.Qf3 Nb4 39.Ne3 Bxe3 40.dxe3 Nd3 41.Rd1 a5 42.Bh3 Rd6 43.Qg4 Rhd8
44.Qg7+ Kb6 45.h6 Qxf2 46.Rb1+ Nb4 47.h7 Qxe3 48.Bf5 Rd2 49.Rh1 Qg5+ 50.Qxg5 fxg5+
51.Kxg5 a4 52.Kf6 a3 53.Be6 R2d6 54.Nf5 Rxe6+ 55.Kxe6 Rh8 56.Kxe5 a2 57.Ra1 Rxh7
58.h4 Ra7 59.Ne3 Kc5 60.Rc1+ Kb5 61.Ra1 Ra3 62.Nf5 Kc4 63.h5 Nc2 64.Rxa2 Rxa2
65.h6 Ra7 66.Kf6 Nd4 67.Ne7 Ra1 68.h7 Rh1 69.Kg7 Ne6+ 70.Kg8 Rg1+ 71.Kf7 Ng5+
72.Kg6 Nxh7+ 73.Kxh7 c5 74.Nf5 Re1  0-1

[Event "29th ECC Open 2013"]
[Site "Rhodes GRE"]
[Date "2013.10.24"]
[Round "5.2"]
[White "Mamedov,Nid"]
[Black "Morozevich,A"]
[Result "1/2-1/2"]
[WhiteElo "2612"]
[BlackElo "2734"]

1.e4 c5 2.Nf3 e6 3.d4 cxd4 4.Nxd4 Nc6 5.Nc3 Qc7 6.Be3 a6 7.Qd2 Nf6 8.O-O-O Be7
9.f3 b5 10.g4 Nxd4 11.Bxd4 Bb7 12.g5 Nh5 13.Kb1 O-O 14.Bd3 Nf4 15.h4 Rac8
16.Ne2 Nxd3 17.cxd3 e5 18.Be3 Bb4 19.Qxb4 Qc2+ 20.Ka1 Qxe2 21.Qd2 Qxd2 22.Bxd2 f6
23.Bc3 fxg5 24.hxg5 Rxf3 25.Bxe5 d5 26.exd5 Bxd5 27.Rhf1 Rcf8 28.Rxf3 Rxf3
29.d4 Rf5 30.Rc1 Rxg5 31.Rc8+ Kf7 32.Rc7+ Ke6 33.Kb1 h5 34.Bxg7 h4 35.Be5 Rxe5
36.dxe5 h3 37.Ra7 h2 38.Rxa6+ Kxe5 39.Rh6 h1=Q+ 40.Rxh1 Bxh1 41.b4 Kd4 42.a4 bxa4
43.b5  1/2-1/2

[Event "29th ECC Open 2013"]
[Site "Rhodes GRE"]
[Date "2013.10.25"]
[Round "6.2"]
[White "Winants,L"]
[Black "Morozevich,A"]
[Result "1/2-1/2"]
[WhiteElo "2534"]
[BlackElo "2734"]

1.d4 Nf6 2.c4 g6 3.Nc3 Bg7 4.e4 d6 5.Nf3 O-O 6.Be2 c5 7.O-O Re8 8.h3 cxd4
9.Nxd4 Nbd7 10.Re1 a6 11.Bf1 b6 12.Bg5 h6 13.Be3 Bb7 14.f3 Rc8 15.Qd2 Kh7
16.Rac1 Qc7 17.b3 Qb8 18.Bf2 e6 19.Bg3 Nh5 20.Bf2 g5 21.Nd1 Nf4 22.Ne3 h5
23.h4 gxh4 24.Bxh4 Bh6 25.Kh1 Ng6 26.Bf2 h4 27.Rcd1 Nf6 28.Qb2 Nh5 29.Ng4 Bg5
30.Be3 Rc5 31.Qd2 Qd8 32.b4 Bxe3 33.Qxe3 Rg5 34.Ne2 Ng3+ 35.Kg1 Nxe4 36.Nf4 f5
37.Nxg6 Rxg6 38.Ne5 Rg3 39.Nf7 Qf6 40.Nxd6 Nxd6 41.Rxd6 Bxf3 42.Rxe6 Rxe6
43.Qxe6 Qd4+ 44.Qe3 Qg7 45.Qe7 Qxe7 46.Rxe7+ Kg6 47.Re3 Be4 48.Kf2 Rxe3 49.Kxe3 Kg5
50.c5 bxc5 51.bxc5 a5 52.Kf2 f4 53.Bb5 Kf6 54.c6 Ke7 55.c7 Bb7 56.Bc6 Bc8
57.Kf3  1/2-1/2